00330nam a2200121Ia 4500008004100000041001200041082001600053100001700069245006900086260003800155300000800193650000700201221030s9999 xx 000 0 und d aEnglish a105.23bAna aM. L. Anwani 0aBasic Shop Practicals in Electrical Engineeringcby M. L. Anwani bDhanpat Rai Pub.aNew Delhic2000 a356 aEE